Mechanical engineering : (Record no. 9879)

MARC details
000 -LEADER
fixed length control field 00624nam a22002052 4500
001 - CONTROL NUMBER
control field 0000023588
005 - DATE AND TIME OF LATEST TRANSACTION
control field 20151217152244.0
008 - FIXED-LENGTH DATA ELEMENTS--GENERAL INFORMATION
fixed length control field 130301s xx 000 0 eng d
020 ## - INTERNATIONAL STANDARD BOOK NUMBER
International Standard Book Number 0080965772 :
040 ## - CATALOGING SOURCE
Original cataloging agency KABU
Transcribing agency KABU
100 1# - MAIN ENTRY--PERSONAL NAME
Personal name Darbyshire, Alan.
-- 0000183072
245 10 - TITLE STATEMENT
Title Mechanical engineering :
Remainder of title BTEC National Engineering Specialist Units /
Statement of responsibility, etc. Alan Darbyshire.
250 ## - EDITION STATEMENT
Edition statement 3rd ed.
260 ## - PUBLICATION, DISTRIBUTION, ETC. (IMPRINT)
Place of publication, distribution, etc. London :
Name of publisher, distributor, etc. Elsevier,
Date of publication, distribution, etc. 2010.
300 ## - PHYSICAL DESCRIPTION
Extent x, 411 p.
650 #0 - SUBJECT ADDED ENTRY--TOPICAL TERM
Topical term or geographic name as entry element Mechanical engineering.
-- 0000049184
852 1# - LOCATION
-- p2980 KES
908 ## - PUT COMMAND PARAMETER (RLIN)
Put command parameter 130301
950 ## - LOCAL HOLDINGS (RLIN)
-- 1
Holdings
Withdrawn status Lost status Source of classification or shelving scheme Not for loan Home library Current library Date acquired Total Checkouts Full call number Barcode Date last seen Date last checked out Price effective from Koha item type
    Library of Congress Classification   Kabarak, Main Campus Kabarak, Main Campus 17/12/2015 1 TJ145 .D37 2010 c. 1 014443 23/07/2018 12/07/2018 17/12/2015 General Collection
Designed with assistance from East African Informatics Ltd